000 004960000a22001930004500
001 003713
003 MACL
005 20150826125148.0
008 150826b xxu||||| |||| 00| 0 eng d
040 _aMACL
_cMACL
041 _aEnglish
082 _a790/SMI
100 _aSmith, David
_92181
245 _aThe Dance of Siva
_bReligion, Art of poetry in South India
_cDavid Smith
260 _aNew York
_c1996
_bCambrige
350 _a495
650 _aPerformic Art
_97497
942 _k790
_cBK
_2ddc
999 _c15607
_d15607